• 首页
  • 本馆介绍
  • 公告通知
  • 最新文献
  • 馆藏检索
  • 电子资源
  • 读者导购
  • 参考咨询
  • 我的图书馆
  • 登录
  • 详细信息显示
  • 放入我的书架
  • 预约/预借图书
  • 作者相关作品
  • 分类相关作品
  • 丛书相关作品
  • 出版社相关作品

书目信息

  • 表格格式
  • 工作单格式
  • 卡片格式
题名:
矩阵数值分析
    
 
作者: 邢志栋 , 曹建荣 编著
分册:  
出版信息: 西安   陕西科学技术出版社  2005
页数: 227页
开本: 21cm
丛书名:
单 册:
中图分类: O241.6
科图分类:
主题词: 矩阵 , 计算方法 , 矩阵--计算方法
电子资源:
ISBN: 7-5369-2970-6
000 00825nam0 2200265 450
001 003053280
005 20061121152005.09
010    @a7-5369-2970-6@dCNY15.00
100    @a20060104d2005 em y0chiy0110 ea
101 0  @achi
102    @aCN@b610000
105    @ay z 000yy
200 1  @a矩阵数值分析@9ju zhen shu zhi fen xi@f邢志栋,曹建荣编著
205    @a2版
210    @a西安@c陕西科学技术出版社@d2005
215    @a227页@d21cm
330    @a本书主要内容包括:矩阵和向量的范数,线性代数方程组的直接解法和迭代解法,特征值问题的基本性态,求解特征值问题的直接方法等。
606 0  @a矩阵
606 0  @a计算方法
606 0  @a矩阵@x计算方法
690    @aO241.6@v4
701  0 @a邢志栋@9xing zhi dong@4编著
701  0 @a曹建荣@9cao jian rong@c(数学)@4编著
801  0 @aCN@bNLC@c20061121
905    @a10447@dO241.6@e138=2
    
    矩阵数值分析/邢志栋,曹建荣编著.-2版.-西安:陕西科学技术出版社,2005
    227页;21cm
    
    
    ISBN 7-5369-2970-6:CNY15.00
    本书主要内容包括:矩阵和向量的范数,线性代数方程组的直接解法和迭代解法,特征值问题的基本性态,求解特征值问题的直接方法等。
●
相关链接 在E读中查询图书 在五车中查询图书 在当当中查询图书 在豆瓣中查询图书


正题名:矩阵数值分析     索取号:O241.6/138=2         预约/预借

序号 登录号 条形码 馆藏地/架位号 状态 备注
1 0394377   203943778   第二样本阅览室/ [索取号:O241.6/138=2] 在馆    
2 0394378   203943787   第三借阅区/ [索取号:O241.6/138=2] 在馆    
3 0394379   203943796   第三借阅区/ [索取号:O241.6/138=2] 在馆    
4 0394380   203943803   第三借阅区/ [索取号:O241.6/138=2] 在馆    
5 0394381   203943812   第三借阅区/ [索取号:O241.6/138=2] 在馆    
唐山师范学院图书馆 欢迎您!
大连网信软件有限公司© 版权所有